Next Century Mathematics 10 : (Record no. 5406)
[ view plain ]
| 000 -LEADER | |
|---|---|
| fixed length control field | 00820nam a22002297a 4500 |
| 003 - CONTROL NUMBER IDENTIFIER | |
| control field | OSt |
| 005 - DATE AND TIME OF LATEST TRANSACTION | |
| control field | 20251103055641.0 |
| 008 - FIXED-LENGTH DATA ELEMENTS--GENERAL INFORMATION | |
| fixed length control field | 251103b |||||||| |||| 00| 0 eng d |
| 020 ## - INTERNATIONAL STANDARD BOOK NUMBER | |
| International Standard Book Number | 978-971-06-5411-6 |
| 040 ## - CATALOGING SOURCE | |
| Original cataloging agency | DWCL - Main Lib |
| Transcribing agency | OC |
| 082 ## - DEWEY DECIMAL CLASSIFICATION NUMBER | |
| Classification number | Res. 510 N338 2023 |
| 100 ## - MAIN ENTRY--PERSONAL NAME | |
| Personal name | Esparrago, Mirla S. [and two others] |
| 245 ## - TITLE STATEMENT | |
| Title | Next Century Mathematics 10 : |
| Remainder of title | Into Critical Thinking and Problem Solving / |
| Statement of responsibility, etc. | Mirla S. Esparrago, Nestor V. Reyes, Jr., and Catalina B. Manalo |
| 250 ## - EDITION STATEMENT | |
| Edition statement | 3rd |
| 260 ## - PUBLICATION, DISTRIBUTION, ETC. | |
| Place of publication, distribution, etc. | Quezon City, Philippines : |
| Name of publisher, distributor, etc. | Phoenix Publishing House, |
| Date of publication, distribution, etc. | c2023. |
| 300 ## - PHYSICAL DESCRIPTION | |
| Extent | viii , 35 pages : |
| Other physical details | illustrations ; |
| Dimensions | 25 cm. |
| 650 ## - SUBJECT ADDED ENTRY--TOPICAL TERM | |
| Topical term or geographic name entry element | 1. Mathematics |
| 700 ## - ADDED ENTRY--PERSONAL NAME | |
| Personal name | I. Mirla S. Esparrago |
| 700 ## - ADDED ENTRY--PERSONAL NAME | |
| Personal name | II. Nestor V. Reyes, Jr. |
| 700 ## - ADDED ENTRY--PERSONAL NAME | |
| Personal name | III. Catalina B. Manalo |
| 942 ## - ADDED ENTRY ELEMENTS (KOHA) | |
| Source of classification or shelving scheme | Dewey Decimal Classification |
| Koha item type | Book- Reserved |
| Call number suffix | Res. |
| Suppress in OPAC | No |
| 952 ## - LOCATION AND ITEM INFORMATION (KOHA) | |
| -- | |
| 952 ## - LOCATION AND ITEM INFORMATION (KOHA) | |
| -- | |
| Withdrawn status | Lost status | Source of classification or shelving scheme | Damaged status | Not for loan | Home library | Current library | Shelving location | Date acquired | Source of acquisition | Cost, normal purchase price | Total Checkouts | Full call number | Barcode | Date last seen | Copy number | Cost, replacement price | Price effective from | Koha item type | Uniform Resource Identifier |
|---|---|---|---|---|---|---|---|---|---|---|---|---|---|---|---|---|---|---|---|
| Dewey Decimal Classification | Junior High School Library | Junior High School Library | Reserved | 08/14/2023 | School Fund | 352.00 | Res. 510 N338 2023 | JHS - 21194 | 11/03/2025 | c1 | 352.00 | 11/03/2025 | BK - FIL | ||||||
| Dewey Decimal Classification | Junior High School Library | Junior High School Library | Reserved | 08/14/2023 | School Fund | 352.00 | Res. 510 N338 2023 | JHS - 21195 | 11/03/2025 | c2 | 352.00 | 11/03/2025 | BK - FIL |